000 00753nam a2200217 i 4500
001 bg
100 1 _aREMLEIN, Marzena
245 1 0 _aSprawozdania finansowe jednostek powiązanych :
_bzadania sytuacyjne /
_cMarzena Remlein.
260 _aWarszawa :
_bKrajowa Izba Biegłych Rewidentów,
_c2003.
300 _a94 s. ;
_c24 cm.
650 9 _aFinanse
_xsprawozdawczość
_xkontrola
655 _aPodręczniki
020 _a8389255065
040 _cBPK
041 0 _apol
080 _a657.62/.63:658.14/.17](07)
920 _a83-89255-06-5
942 _cKS
008 s pl f |000 0 pol
999 _c43815
_d43815
856 _uhttp://koha.tu.koszalin.pl/cgi-bin/koha/opac-detail.pl?biblionumber=43815
_yKatalog online BPK